Electronic measurements and instrumentation. (Record no. 12622)

000 -LEADER
fixed length control field 00533nam a22001697a 4500
020 ## - INTERNATIONAL STANDARD BOOK NUMBER
International Standard Book Number 9780070139381
082 ## - DEWEY DECIMAL CLASSIFICATION NUMBER
Classification number 621.381043 OLI
100 ## - MAIN ENTRY--PERSONAL NAME
Personal name Oliver, Bernard M.
245 ## - TITLE STATEMENT
Title Electronic measurements and instrumentation.
260 ## - PUBLICATION, DISTRIBUTION, ETC.
Place of publication, distribution, etc. New Delhi, India
Name of publisher, distributor, etc. McGraw Hill
Date of publication, distribution, etc. 1971
300 ## - PHYSICAL DESCRIPTION
Extent xviii, 729 p.
Other physical details ill. ;
490 ## - SERIES STATEMENT
Series statement Inter-university electronics series, v. 12
500 ## - GENERAL NOTE
General note Includes bibliographical references.
650 ## - SUBJECT ADDED ENTRY--TOPICAL TERM
Topical term or geographic name entry element 1. Electronic measurements. 2. Electronic instruments.
700 ## - ADDED ENTRY--PERSONAL NAME
Personal name Cage, John M.
942 ## - ADDED ENTRY ELEMENTS (KOHA)
Koha item type Book
Holdings
Withdrawn status Lost status Damaged status Not for loan Collection code Permanent Location Current Location Shelving location Date acquired Source of acquisition Cost, normal purchase price Total Checkouts Full call number Barcode Date last seen Date last checked out Price effective from Koha item type
          Central Library (CL) Central Library (CL) General Stacks 12/27/2013 Allied Book Company 842.54 1 621.381043 OLI SEECS013025 06/06/2014 02/25/2014 01/13/2014 Book
© 2023 Central Library, National University of Sciences and Technology. All Rights Reserved.